Statistics for United Nations Quiz

Click here to take the quiz!

General Stats

  • This quiz has been taken 26 times
  • The average score is 16 of 24

Answer Stats

HintAnswer% Correct
City where the UN is headquarteredNew York
100%
Year the UN was established1945
95%
English
91%
French
86%
Russia
86%
United Kingdom
86%
United States
86%
The five permanent member states of the UN Security CouncilChina
82%
France
82%
Official languagesArabic
77%
Chinese
77%
Russian
73%
Spanish
73%
Cities where the other three major UN offices are locatedGeneva
68%
Number of current UN member states193
64%
Official observer statesPalestine
59%
Though technically one of the original member states, this country was expelled in 1971Taiwan
55%
The International Court of Justice is located in this cityThe Hague
55%
Vatican City
55%
This country is not a member or observer state, but recognised by 102 member statesKosovo
50%
The intergovernmental organisation that the UN replaced following World War 2The {League of Nations}
50%
Number of original UN member states51
32%
Vienna
18%
Nairobi
9%

Score Distribution

Percentile by Number Answered

Percent of People with Each Score

Your Score History

You have not taken this quiz